<?xml version="1.0" encoding="UTF-8"?>
<record
    xmlns:xsi="http://www.w3.org/2001/XMLSchema-instance"
    xsi:schemaLocation="http://www.loc.gov/MARC21/slim http://www.loc.gov/standards/marcxml/schema/MARC21slim.xsd"
    xmlns="http://www.loc.gov/MARC21/slim">

  <leader>01470    a2200241   4500</leader>
  <controlfield tag="005">20080917150242.0</controlfield>
  <controlfield tag="008">080917t        xxu||||| |||| 00| 0 hin d</controlfield>
  <datafield tag="010" ind1=" " ind2=" ">
    <subfield code="a">HIN-81761</subfield>
  </datafield>
  <datafield tag="020" ind1=" " ind2=" ">
    <subfield code="c">150.00</subfield>
  </datafield>
  <datafield tag="035" ind1=" " ind2=" ">
    <subfield code="a">HN-54107</subfield>
  </datafield>
  <datafield tag="037" ind1=" " ind2=" ">
    <subfield code="b">&#x92A;&#x941;.&#x92A;&#x94D;&#x930;.&#x905;.&#x92A;&#x94D;&#x930;/&#x92A;&#x94D;&#x930;&#x915;&#x93E;</subfield>
  </datafield>
  <datafield tag="082" ind1=" " ind2=" ">
    <subfield code="a">954.35</subfield>
  </datafield>
  <datafield tag="100" ind1=" " ind2=" ">
    <subfield code="a">&#x932;&#x94B;&#x916;&#x923;&#x94D;&#x921;&#x947;, &#x91A;&#x928;&#x94D;&#x926;&#x94D;&#x930;&#x936;&#x947;&#x916;&#x930;</subfield>
  </datafield>
  <datafield tag="245" ind1=" " ind2=" ">
    <subfield code="a">&#x939;&#x948;&#x926;&#x930;&#x93E;&#x92C;&#x93E;&#x926; &#x92E;&#x941;&#x915;&#x94D;&#x924;&#x93F;&#x938;&#x902;&#x917;&#x94D;&#x930;&#x93E;&#x92E; &#x915;&#x93E; &#x907;&#x924;&#x93F;&#x939;&#x93E;&#x938;/</subfield>
    <subfield code="c">&#x91A;&#x928;&#x94D;&#x926;&#x94D;&#x930;&#x936;&#x947;&#x916;&#x930; &#x932;&#x94B;&#x916;&#x923;&#x94D;&#x921;&#x947;</subfield>
  </datafield>
  <datafield tag="246" ind1=" " ind2=" ">
    <subfield code="a">Hederabad muktisangram ka itihas</subfield>
    <subfield code="b">by Chandrashekher Lokhande</subfield>
  </datafield>
  <datafield tag="260" ind1=" " ind2=" ">
    <subfield code="a">&#x939;&#x93F;&#x923;&#x94D;&#x921;&#x94C;&#x928; &#x938;&#x93F;&#x91F;&#x940;</subfield>
    <subfield code="b">&#x936;&#x94D;&#x930;&#x940; &#x918;&#x942;&#x921;&#x92E;&#x932; &#x92A;&#x94D;&#x930;&#x939;&#x932;&#x93E;&#x926; &#x915;&#x941;&#x92E;&#x93E;&#x930; &#x906;&#x930;&#x94D;&#x92F; &#x927;&#x930;&#x94D;&#x92E;&#x93E;&#x930;&#x94D;&#x925; &#x91F;&#x94D;&#x930;&#x938;&#x94D;&#x91F;</subfield>
    <subfield code="c">2004</subfield>
  </datafield>
  <datafield tag="260" ind1=" " ind2=" ">
    <subfield code="a">&#x928;&#x908;  &#x926;&#x93F;&#x932;&#x94D;&#x932;&#x940;</subfield>
    <subfield code="b">&#x938;&#x941;&#x92C;&#x94B;&#x927; &#x92A;&#x949;&#x915;&#x947;&#x91F; &#x92C;&#x941;&#x915;&#x94D;&#x938;</subfield>
    <subfield code="c">2004</subfield>
  </datafield>
  <datafield tag="270" ind1=" " ind2=" ">
    <subfield code="a">&#x92C;&#x94D;&#x92F;&#x93E;&#x928;&#x93F;&#x92F;&#x93E; &#x92A;&#x93E;&#x921;&#x93C;&#x93E;</subfield>
    <subfield code="b">&#x939;&#x93F;&#x923;&#x94D;&#x921;&#x94C;&#x928; &#x938;&#x93F;&#x91F;&#x940;(&#x930;&#x93E;&#x91C;)</subfield>
    <subfield code="e">322230</subfield>
    <subfield code="k">07469-234624</subfield>
  </datafield>
  <datafield tag="270" ind1=" " ind2=" ">
    <subfield code="a">2/4240 &#x90F;, &#x905;&#x902;&#x938;&#x93E;&#x930;&#x940; &#x930;&#x94B;&#x921;</subfield>
    <subfield code="b">&#x928;&#x908;  &#x926;&#x93F;&#x932;&#x94D;&#x932;&#x940;</subfield>
  </datafield>
  <datafield tag="300" ind1=" " ind2=" ">
    <subfield code="a">467&#x92A;&#x943;</subfield>
    <subfield code="c">22 &#x938;&#x947;&#x92E;&#x940; (&#x938;&#x91C;&#x93F;&#x932;&#x94D;&#x926;)</subfield>
  </datafield>
  <datafield tag="942" ind1=" " ind2=" ">
    <subfield code="a">dpl</subfield>
    <subfield code="c">HN</subfield>
    <subfield code="k">954.35 / &#x932;&#x94B;&#x916;&#x923;&#x94D;&#x921;&#x947;</subfield>
    <subfield code="2">ddc</subfield>
    <subfield code="h">954.35</subfield>
    <subfield code="m">&#x932;&#x94B;&#x916;&#x923;&#x94D;&#x921;&#x947;</subfield>
  </datafield>
  <datafield tag="999" ind1=" " ind2=" ">
    <subfield code="c">8899</subfield>
    <subfield code="d">8899</subfield>
  </datafield>
  <datafield tag="952" ind1=" " ind2=" ">
    <subfield code="0">0</subfield>
    <subfield code="1">0</subfield>
    <subfield code="2">ddc</subfield>
    <subfield code="4">0</subfield>
    <subfield code="7">0</subfield>
    <subfield code="a">DBAD</subfield>
    <subfield code="b">DBAD</subfield>
    <subfield code="d">2008-09-17</subfield>
    <subfield code="g">150.00</subfield>
    <subfield code="l">0</subfield>
    <subfield code="o">954.35 &#x932;&#x94B;&#x916;&#x923;&#x94D;&#x921;&#x947;</subfield>
    <subfield code="p">HN-54107</subfield>
    <subfield code="r">2008-09-15 00:00:00</subfield>
    <subfield code="t">1</subfield>
    <subfield code="u">9847</subfield>
    <subfield code="v">150.00</subfield>
    <subfield code="w">2008-09-15</subfield>
    <subfield code="y">HN</subfield>
  </datafield>
</record>
